| 000 | 00731nam a2200205Ii 4500 | ||
|---|---|---|---|
| 003 | JO-AjNU | ||
| 008 | 230606s9999||||xx |||||||||||||| ||und|| | ||
| 020 | _a978-0-19-920827-2 | ||
| 040 |
_aJO-AjNU _beng _erda _cJO-AjNU |
||
| 041 | _aeng | ||
| 050 | 1 | 4 | _aPN41.C67.2008 |
| 100 | 3 |
_aBaldick, Chris, _eauthor _91565 |
|
| 245 | 0 | 4 | _aThe concise Oxford dictionary of literary terms |
| 264 | 3 | 1 | _aOxford [England], New York: Oxford University Press, 2008 |
| 300 | _a357p | ||
| 336 |
_atext _btxt _2rdacontent |
||
| 337 |
_aunmediated _bn _2rdamedia |
||
| 338 |
_avolume _bnc _2rdacarrier |
||
| 650 | 4 |
_aLiterature -- Terminology -- Criticism -- Terminology -- English language -- Terms and phrases -- Literary form -- Terminology _91566 |
|
| 999 |
_aE822 _c822 _d822 |
||